|
|
|
|
| LEADER |
01017nam a2200277 a 4500 |
| 001 |
c000112767 |
| 003 |
CARM |
| 005 |
19991220130742.0 |
| 008 |
780616s1978 enk 000 1 eng d |
| 015 |
|
|
|a B7819560
|
| 019 |
1 |
|
|a 3411663
|5 LACONCORD2021
|
| 020 |
|
|
|a 0563174331 :
|c L.2.75
|
| 035 |
|
|
|a (OCoLC)16432237
|5 LACONCORD2021
|
| 040 |
|
|
|a BNB
|b eng
|c BNB
|d ABN:1V
|
| 082 |
0 |
4 |
|a 823/.9/1
|2 18
|
| 100 |
1 |
|
|a Milne, Paula.
|
| 245 |
1 |
4 |
|a The new angels /
|c Paula Milne.
|
| 260 |
|
|
|a London :
|b British Broadcasting Corporation,
|c 1978.
|
| 300 |
|
|
|a 156 p. ;
|c 22cm.
|
| 500 |
|
|
|a Fiction in English, 1900-. Texts (BNB/PRECIS)
|
| 500 |
|
|
|a '... based on the popular BBC1 television series' - jacket.
|
| 650 |
|
0 |
|a English fiction.
|
| 710 |
2 |
|
|a British Broadcasting Corporation.
|
| 852 |
8 |
|
|b CARM
|h A2:AG16A0
|i B03377
|p 0161933
|f BK
|
| 999 |
f |
f |
|i e414068f-777c-513e-b01f-1ae627096809
|s 90d09a06-ddd3-5eab-a2c4-fc3dc13fa802
|
| 952 |
f |
f |
|p Can circulate
|a CAVAL
|b CAVAL
|c CAVAL
|d CARM 1 Store
|e B03377
|f A2:AG16A0
|h Other scheme
|i book
|m 0161933
|